| 000 -LEADER |
| fixed length control field |
01194cam a2200325 a 4500 |
| 001 - CONTROL NUMBER |
| control field |
.b29251096 |
| 003 - CONTROL NUMBER IDENTIFIER |
| control field |
OCoLC |
| 005 - DATE AND TIME OF LATEST TRANSACTION |
| control field |
20221230161404.0 |
| 008 - FIXED-LENGTH DATA ELEMENTS--GENERAL INFORMATION |
| fixed length control field |
080401s2009 nyuab b 001 0 eng d |
| 010 ## - LIBRARY OF CONGRESS CONTROL NUMBER |
| LC control number |
2008014786 |
| 020 ## - INTERNATIONAL STANDARD BOOK NUMBER |
| International Standard Book Number |
9780531213575 (pbk.) |
| 035 ## - SYSTEM CONTROL NUMBER |
| System control number |
(OCoLC)218194052 |
| Canceled/invalid control number |
(OCoLC)437544785 |
| 040 ## - CATALOGING SOURCE |
| Original cataloging agency |
DLC |
| Language of cataloging |
eng |
| Transcribing agency |
DLC |
| Modifying agency |
BTCTA |
| -- |
ON8 |
| -- |
BIB |
| -- |
LF8 |
| -- |
GO3 |
| -- |
EHH |
| -- |
UPZ |
| -- |
YDXCP |
| -- |
FMG |
| -- |
CVA |
| -- |
TWE |
| -- |
VP@ |
| -- |
BDX |
| -- |
NTNU |
| -- |
KH8 |
| 042 ## - AUTHENTICATION CODE |
| Authentication code |
nbic |
| 043 ## - GEOGRAPHIC AREA CODE |
| Geographic area code |
a-ii--- |
| 082 0# - DEWEY DECIMAL CLASSIFICATION NUMBER |
| Classification number |
954 APT |
| 100 1# - MAIN ENTRY--PERSONAL NAME |
| Personal name |
Apte, Sunita. |
| Relator term |
author |
| 245 10 - TITLE STATEMENT |
| Title |
India / |
| Statement of responsibility, etc. |
Sunita Apte. |
| 260 ## - PUBLICATION, DISTRIBUTION, ETC. |
| Place of publication, distribution, etc. |
New York : |
| Name of publisher, distributor, etc. |
Children's Press, |
| Date of publication, distribution, etc. |
2009. |
| 300 ## - PHYSICAL DESCRIPTION |
| Extent |
48 p. : |
| Other physical details |
ill. (chiefly col.), col. maps ; |
| Dimensions |
22 cm. |
| 490 1# - SERIES STATEMENT |
| Series statement |
A true book. |
| 500 ## - GENERAL NOTE |
| General note |
Lexile 770. |
| 504 ## - BIBLIOGRAPHY, ETC. NOTE |
| Bibliography, etc. note |
Includes bibliographical references (p. 44-45) and index. |
| 505 0# - FORMATTED CONTENTS NOTE |
| Formatted contents note |
Land of contrasts -- Vast and varied -- Daily life in India -- Bollywood booms! -- The path from the past -- India reborn -- India today. |
| 520 ## - SUMMARY, ETC. |
| Summary, etc. |
A lively discussion about the culture, geography, and history of India. Features center-spread "sidebars." |
| 651 #0 - SUBJECT ADDED ENTRY--GEOGRAPHIC NAME |
| Geographic name |
India |
| Form subdivision |
Juvenile literature. |
| 651 #1 - SUBJECT ADDED ENTRY--GEOGRAPHIC NAME |
| Geographic name |
India. |
| 830 #0 - SERIES ADDED ENTRY--UNIFORM TITLE |
| Uniform title |
True book. |
| 942 ## - ADDED ENTRY ELEMENTS (KOHA) |
| Source of classification or shelving scheme |
|
| Koha item type |
Books - Non Ficton |